1970 1543 1957 1235 1979 1139 1896 1216 1272 1937 1156 1608 1443 1486 1580 1520 1858 1665 1918 1122 1793 1262 1700 1723 1248 1984 1884 1377 1130 1457 1403 1260 1040 1075 1825 1854 1460 1305 1593 1131 1687 1245 1706 1898 1485 1546 1332 1149 1732 1330 1422 1172 1298 1041 1506 1733 1288 1765 1601 1830 1017 1974 1182 1722 1347 1470 1234 1652 1120 1424 1866 1821 1135 1147 1247 1822 1352 1615 1918 1449 1389 1034 1561 1156 1379 1308 1738 1397 1714 1609 1521 1226 1225 1408 1178 1409 1776 1190 1129 BCNSPRNW ULIB Ver.6.0+V

เปลี่ยนเป็นภาษาไทย

Change to English
 แสดงรายละเอียดบรรณานุกรม
  กลับหน้าหลัก

Brief Record : Get Marc (ISO 2709) : E-mail record : QR code < ปิดหน้าต่าง
LEADER : 00000nam 2200000uu 4500
001    13399121596
003     ULIB
008    121126s2547||||th 000 0 tha d
020    ^a9749507231
060 04 ^aWT104^bพ565ว
100 0  ^aพันธ์ศักดิ์ ศุกระฤกษ์
245 10 ^aวัยทอง /^cโดย พันธ์ศักดิ์ ศุกระฤกษ์
246 34 ^aเคล็ดลับสู่ความสดใสในวัยทอง
250    ^aพิมพ์ครั้งที่ 4
260    ^aกรุงเทพฯ :^bหมอชาวบ้าน,^c2547
300    ^a119 หน้า :^bภาพประกอบ ;^c21 ซม.
650  7 ^aผู้สูงอายุ^xสุขภาพและอนามัย
650  7 ^aผู้สูงอายุ^xการดูแลตนเอง
650  7 ^aเวชศาสตร์ผู้สูงอายุ
650  7 ^aวัยหมดระดู
650  7 ^aผู้ชายวัยทอง^xสุขภาพและอนามัย
650  7 ^aผู้หญิงวัยทอง^xสุขภาพและอนามัย
945    ^p150^l0^i13951
945    ^p150^l0^i16501
995    ^aวิภา
999 ^a ใช้งานได้ทุกระบบ
รายการนี้ยังไม่มีแท็ก
คุณยังไม่ได้ล็อกอิน คุณสามารถมีกิจกรรมร่วมกับเว็บไซต์ได้ แต่ต้องล็อกอินก่อน ::
  ล็อกอิน

รายการสื่อสารสนเทศ

ลำดับที่ ประเภท เลขเรียก/บาร์โค้ด สถานที่ สถานะ
1. วิทยาศาสตร์การแพทย์ และสุขภาพ
วิทยาศาสตร์การแพทย์ และสุขภาพ
WT104 พ565ว  
  Barcode: 13951
ห้องสมุดวิทยาเขตสวรรค์ประชารักษ์
►หนังสือทั่วไป
บนชั้น
2. วิทยาศาสตร์การแพทย์ และสุขภาพ
วิทยาศาสตร์การแพทย์ และสุขภาพ
WT104 พ565ว ฉ.2 
  Barcode: 16501
ห้องสมุดวิทยาเขตนครสวรรค์
►หนังสือทั่วไป:l:General Books
บนชั้น

รายการใกล้เคียง
    ผู้แต่ง [พันธ์ศักดิ์ ศุกระฤกษ์]

    หัวเรื่อง [เวชศาสตร์ผู้สูงอายุ]
    หัวเรื่อง [วัยหมดระดู]

BibComment


ยังไม่เคยถูกคอมเมนท์

คอมเมนท์ทรัพยากรรายการนี้
  คอมเมนท์: วัยทอง โดย พันธ..


 Copyright 2026. Bcnsprnw @Library